| 000 | 00529nam a2200133Ia 4500 | ||
|---|---|---|---|
| 008 | 100328s9999 xx 000 0 und d | ||
| 082 | _b27816 | ||
| 100 | _aजोशी पद्माकर-अनु. (मूळ लेखक-यादव राजेन्द्र) | ||
| 245 | _aसारे आकाश (सारा आकाश). | ||
| 260 | _bसुपर्ण | ||
| 630 | _aसारे आकाश (सारा आकाश). | ||
| 730 | _aसारे आकाश (सारा आकाश). | ||
| 942 | _cBOOK | ||
| 999 |
_c519518 _d519515 |
||